003490000a22001330004500060000800000082001800008100001300026245004100039250000600080260003900086260000900125300000800134650007300142 a100 a574.191 5 LEA aLea, D E aActions of radiations on living cell a2 alondon, Cambridge University Press c1946 a416 aRadiation action / radiation physical property / radiation dosimetry